Statistics for Brawl Stars Characters

Click here to take the quiz!

General Stats

  • This quiz has been taken 8 times
    (3 since last reset)
  • The average score is 58 of 64

Answer Stats

HintAnswer% Correct
Trophy Road Reward8-Bit
100%
LegendaryAmber
100%
RareBarley
100%
EpicBea
100%
ChromaticBelle
100%
Trophy Road RewardBo
100%
Trophy Road RewardBrock
100%
Trophy Road RewardBull
100%
ChromaticBuzz
100%
MythicByron
100%
Super RareCarl
100%
LegendaryChester
100%
ChromaticColette
100%
Trophy Road RewardColt
100%
LegendaryCrow
100%
Super RareDarryl
100%
Trophy Road Reward
Nita
100%
Trophy Road RewardDynamike
100%
EpicEdgar
100%
RareEl Primo
100%
Trophy Road RewardEmz
100%
ChromaticFang
100%
EpicFrank
100%
ChromaticGale
100%
MythicGene
100%
Super RareGus
100%
Super RareJacky
100%
Trophy Road RewardJessie
100%
LegendaryLeon
100%
ChromaticLou
100%
ChromaticMandy
100%
MythicMax
100%
LegendaryMeg
100%
MythicMortis
100%
EpicNani
100%
EpicPam
100%
Super RarePenny
100%
EpicPiper
100%
RarePoco
100%
Super RareRico
100%
RareRosa
100%
LegendarySandy
100%
Starting BrawlerShelly
100%
LegendarySpike
100%
MythicSprout
100%
Trophy Road RewardStu
100%
ChromaticSurge
100%
MythicTara
100%
Trophy Road RewardTick
100%
ChromaticAsh
67%
EpicBibi
67%
ChromaticBuster
67%
ChromaticColonel Ruffs
67%
ChromaticEve
67%
MythicGray
67%
EpicGriff
67%
EpicGrom
67%
ChromaticJanet
67%
MythicMr. P
67%
ChromaticOtis
67%
ChromaticSam
67%
MythicSqueak
67%
EpicBonni
33%
ChromaticLola
33%

Score Distribution

Percentile by Number Answered

Percent of People with Each Score

Your Score History

You have not taken this quiz since the last reset